| Tag |
First Indicator |
Second Indicator |
Subfields |
| LEADER |
00000nam a2200000Ia 4500 |
| 001 |
in00004243113 |
| 005 |
20200807093628.0 |
| 006 |
m g d |
| 007 |
cr bn |||a|bb| |
| 008 |
850430s1661 enk o 00| |ceng d |
| 035 |
|
|
|a (OCoLC)11983348
|
| 040 |
|
|
|a EAA
|c EAA
|d m/c
|d UMI
|d WaOLN
|
| 037 |
|
|
|a CL0037000002
|b ProQuest Information and Learning. 300 N. Zeeb Rd., Ann Arbor, MI 48106
|
| 043 |
|
|
|a e-uk---
|
| 045 |
|
|
|a u-u-
|
| 049 |
|
|
|a UMIA
|
| 100 |
1 |
|
|a Barksdale, Clement,
|d 1609-1687.
|
| 240 |
0 |
0 |
|a Memorials of worthy persons.
|p Decades 1-2
|
| 245 |
1 |
0 |
|a Memorials of worthy persons :
|b two decads /
|c by Cl. Barksdale.
|
| 260 |
|
|
|a London :
|b Printed by I.R.,
|c 1661.
|
| 300 |
|
|
|a 1 online resource ([10], 204 pages)
|
| 336 |
|
|
|a text
|b txt
|2 rdacontent
|
| 337 |
|
|
|a computer
|b c
|2 rdamedia
|
| 338 |
|
|
|a online resource
|b cr
|2 rdacarrier
|
| 500 |
|
|
|a First edition Cf. BM.
|
| 500 |
|
|
|a Reissued as: Characters and historical memorials, on the lives and actions of England's late worthies. 1662.
|
| 500 |
|
|
|a Reproduction of original in British Library.
|
| 510 |
4 |
|
|a Wing
|c B800
|
| 533 |
|
|
|a Electronic reproduction.
|b Ann Arbor, Mich. :
|c UMI,
|d 1999-
|f (Early English books online)
|n Digital version of: (Early English books, 1641-1700 ; 52:4)
|7 s1999 miun s
|
| 651 |
|
0 |
|a Great Britain
|v Biography.
|
| 651 |
|
0 |
|a Great Britain
|x History
|y Stuarts, 1603-1714
|v Biography.
|
| 610 |
2 |
0 |
|a Church of England
|v Biography.
|
| 740 |
0 |
|
|a Characters and historical memorials, on the lives and actions of England's late worthies.
|
| 830 |
|
0 |
|a Early English books online.
|
| 856 |
4 |
0 |
|u http://proxy.library.tamu.edu/login?url=https://search.proquest.com/docview/2240947812
|z Connect to the full text of this electronic book
|t 0
|
| 999 |
f |
f |
|s 0c32ea47-7f83-3173-a143-2ea28bf2ff8a
|i d602624e-4b53-3f50-a2e0-f016ab6971fc
|t 0
|
| 952 |
f |
f |
|a Texas A&M University
|b College Station
|c Electronic Resources
|d Available Online
|t 0
|h No information provided
|
| 998 |
f |
f |
|t 0
|l Available Online
|